Представление документа в формате RUSMARC

ПолеНазваниеЗначение
  Тип записи a
  Библиографический уровень m
001 Контрольный номер RU/IS/BASE/361538418
005 Дата корректировки 20201206204806.0
010 Индекс ISBN __
a ISBN 978-5-396-00212-8
d Цена 116-49
021 № государственной регистрации __
b № документа 2397
100 Данные общей обработки __
a Данные общей обработки 19100519d2010 |||y0rusy0189 ca
101 Язык документа __
a Язык текста rus
102 Страна публикации __
a Страна публикации RU
102 Страна публикации __
a Страна публикации RU
105 Кодированные данные (монография) __
a Кодированные данные (монография) y zzzz|||zy
200 Заглавие и сведения об ответственности 1_
a Заглавие История Пугачева
e Сведения, относящиеся к заглавию замечания о бунте
f Первые сведения об ответственности А. С. Пушкин
b Общее обозначение материала Текст
210 Выходные данные __
a Место издания М.
c Издательство КРАСАНД
d Дата издания 2010
215 Физическое описание __
a Объем 154, [2] с.
d Формат 22
330 Аннотация __
a Аннотация Представлено историческое исследование великого русского поэта Пушкина о событиях Крестьянской войны. Книга стала итогом тщательных архивных изысканий Пушкина. Автор описал исторические события и сделал выводы о "необходимости многих перемен".
600 Персоналии __
a Персоналии (Фамилия) Пугачев, Е.
f Даты 1740 или 1742-1775
606 Тематические рубрики __
a Основная рубрика История
z Хронологическая подрубрика 1773-1775 гг.
606 Тематические рубрики __
a Основная рубрика Россия в XVIII в. - 1917 г.
606 Тематические рубрики __
a Основная рубрика Художественная литература
606 Тематические рубрики __
a Основная рубрика Русская литература XIX в. (произведения)
610 Ключевые слова __
a Ключевые слова крестьянские войны; персоналии; исторические личности; пугачевский бунт; исторические события
686 Индексы других классификаций __
a Классификационный индекс 63.3(2)513-422
686 Индексы других классификаций __
a Классификационный индекс 84(2=411.2)52-4; ст63.3(2)513-4 + ст84(2=411.2)52-4
700 Автор _1
a Фамилия Пушкин
b Имя А. С.
f Даты 1799-1837
g Полное личное имя Александр Сергеевич
4 Код отношения 070
801 Источник записи _0
a Страна RU
b Организация Муниципальное бюджетное учреждение культуры "Централизованная библиотечная система" г. Сургут (Центральная городская библиотека им. А. С. Пушкина)
c Дата составления 20100519
g Правила каталогизации КИК/Елгина
801 Источник записи _1
a Страна RU
b Организация Муниципальное бюджетное учреждение культуры "Централизованная библиотечная система" г. Сургут (Центральная городская библиотека им. А. С. Пушкина)
c Дата составления 20100519
g Правила каталогизации КИК/Елгина
852 Данные о местонахождении __
j Шифр хранения 63.3(2)513-422
i Авторский знак П 91
901 Тип документа __
t Тип документа m
903 Характеристики (МАРС) __
a Дата передачи 20110616
990 Данные о заказе (DOS) __
j Количество экземпляров (DOS) 3
h N записи в КСУ для Б/У (DOS) 201107